[Event "Munich Pfingst op-A 1st"]
[Site "Munich"]
[Date "2023.06.03"]
[Round "4"]
[White "Deepan Chakkravarthy, J."]
[Black "Li, Zhuoling"]
[Result "1-0"]
[WhiteElo "2435"]
[BlackElo "2216"]
[PlyCount "119"]
[EventDate "2023.05.31"]
[EventType "swiss"]
[EventRounds "9"]
[EventCountry "GER"]
[SourceTitle "CBM 214 Extra"]
[Source "ChessBase"]
[SourceDate "2023.07.31"]
[SourceVersion "1"]
[SourceVersionDate "2023.07.31"]
[SourceQuality "1"]

1. d4 Nf6 2. Nf3 g6 3. Bf4 Bg7 4. e3 0-0 5. h3 d6 6. Be2 c5 7. c3 Nbd7 8. 0-0 b6 9. Nbd2 Bb7 10. a4 Re8 11. Bh2 Qc7 12. a5 Bc6 13. b4 cxb4 14. cxb4 bxa5 15. bxa5 Rec8 16. Bd3 Rab8 17. Qe2 Bxf3 18. Nxf3 Qc3 19. Rfd1 Rb2 20. Qf1 Qb4 21. Rdc1 Rxc1 22. Qxc1 Bh6 23. Bg3 Rb3 24. Qc2 Kg7 25. Bh4 Rc3 26. Ra4 Rxc2 27. Rxb4 Ra2 28. Rb7 Rxa5 29. Bxf6+ Nxf6 30. Rxe7 Kg8 31. Rb7 Ra3 32. Bc4 d5 33. Bb3 a5 34. Rb5 Bf8 35. Bxd5 Ra1+ 36. Kh2 a4 37. Ne5 Nxd5 38. Rxd5 a3 39. Rd8 a2 40. Ra8 Kg7 41. Ra7 Kg8 42. g4 Bd6 43. Kg2 Bxe5 44. dxe5 Kf8 45. Kf3 Ke8 46. Ke4 Kd8 47. f4 Ke8 48. h4 h5 49. gxh5 gxh5 50. Kf5 Rg1 51. Rxa2 Rg4 52. Ra8+ Ke7 53. Rh8 Rxh4 54. Rh7 Rh3 55. e6 Rxe3 56. Rxf7+ Kd6 57. Rd7+ Kc6 58. Rd2 h4 59. Kf6 h3 60. e7 1-0

[Event "Titled Tuesday intern op 28th Jun Early"]
[Site "Chess.com INT"]
[Date "2022.06.28"]
[Round "5"]
[White "Jaskolka, Tomasz"]
[Black "Li, Zhuoling"]
[Result "1-0"]
[WhiteElo "2194"]
[BlackElo "2175"]
[PlyCount "67"]
[EventDate "2022.06.28"]
[EventType "swiss (blitz)"]
[EventRounds "11"]
[EventCountry "USA"]
[SourceTitle "CBM 209 Extra"]
[Source "ChessBase"]
[SourceDate "2022.09.30"]
[SourceVersion "1"]
[SourceVersionDate "2022.09.30"]
[SourceQuality "1"]

1. d4 Nf6 2. Bf4 d5 3. e3 e6 4. c3 Bd6 5. Bg3 0-0 6. Nd2 c6 7. Ngf3 Qe7 8. Bd3 Nbd7 9. Ne5 Re8 10. f4 c5 11. Qf3 cxd4 12. exd4 Nf8 13. Bh4 Ng6 14. Bg5 Qc7 15. h4 Bxe5 16. fxe5 Nd7 17. h5 Ngxe5 18. dxe5 Qxe5+ 19. Qe3 Qxe3+ 20. Bxe3 e5 21. 0-0-0 Nf6 22. Rdf1 Bd7 23. h6 Ng4 24. Bxh7+ Kxh7 25. Rxf7 Nxe3 26. Rxd7 Rg8 27. Nf3 Ng4 28. hxg7+ Kg6 29. Rxd5 Rae8 30. Rd6+ Kxg7 31. Ng5 Re7 32. Rh7+ Kf8 33. Rd8+ Re8 34. Ne6# 1-0

[Event "Titled Tuesday intern op 28th Jun Early"]
[Site "Chess.com INT"]
[Date "2022.06.28"]
[Round "7"]
[White "Li, Zhuoling"]
[Black "Bellahcene, Bilel"]
[Result "0-1"]
[WhiteElo "2175"]
[BlackElo "2513"]
[PlyCount "96"]
[EventDate "2022.06.28"]
[EventType "swiss (blitz)"]
[EventRounds "11"]
[EventCountry "USA"]
[SourceTitle "CBM 209 Extra"]
[Source "ChessBase"]
[SourceDate "2022.09.30"]
[SourceVersion "1"]
[SourceVersionDate "2022.09.30"]
[SourceQuality "1"]

1. e4 Nf6 2. e5 Nd5 3. Nf3 d6 4. d4 dxe5 5. dxe5 Nc6 6. h3 Bf5 7. Bd3 Bxd3 8. Qxd3 Ndb4 9. Qxd8+ Rxd8 10. Na3 e6 11. 0-0 a6 12. Bg5 Be7 13. Bxe7 Kxe7 14. Rad1 Rxd1 15. Rxd1 Rd8 16. Rxd8 Nxd8 17. Kf1 Nxa2 18. Ke2 Nb4 19. c3 Nd5 20. g3 b5 21. Nc2 c5 22. Kd3 Nc6 23. Ke4 Nb6 24. b3 a5 25. Nd2 f5+ 26. exf6+ gxf6 27. f4 b4 28. Kd3 a4 29. bxa4 b3 30. Ne3 Na5 31. c4 Nxa4 32. g4 h6 33. h4 Kd6 34. g5 fxg5 35. fxg5 hxg5 36. hxg5 Ke5 37. Nf3+ Kd6 38. g6 Ke7 39. Ng4 b2 40. Kc2 Nxc4 41. Ng5 Na3+ 42. Kd2 b1Q 43. g7 Qb2+ 44. Ke3 Nc4+ 45. Kd3 Qc3+ 46. Ke4 Nab6 47. g8Q Nd6+ 48. Kf4 Nd5# 0-1

[Event "Titled Tuesday intern op 28th Jun Early"]
[Site "Chess.com INT"]
[Date "2022.06.28"]
[Round "3"]
[White "Li, Zhuoling"]
[Black "Pein, Jonathan"]
[Result "1-0"]
[WhiteElo "2175"]
[BlackElo "2229"]
[PlyCount "57"]
[EventDate "2022.06.28"]
[EventType "swiss (blitz)"]
[EventRounds "11"]
[EventCountry "USA"]
[SourceTitle "CBM 209 Extra"]
[Source "ChessBase"]
[SourceDate "2022.09.30"]
[SourceVersion "1"]
[SourceVersionDate "2022.09.30"]
[SourceQuality "1"]

1. e4 Nc6 2. d4 d5 3. e5 f6 4. Nf3 Bg4 5. exf6 Nxf6 6. Be2 e6 7. Bf4 Bd6 8. Bxd6 cxd6 9. c3 0-0 10. h3 Bh5 11. Nbd2 a5 12. a4 Qe7 13. 0-0 Rae8 14. Re1 Qf7 15. Qc2 Ne4 16. Nxe4 dxe4 17. Qxe4 Kh8 18. Bd3 Bg6 19. Qe2 Bh5 20. Qe4 Bg6 21. Qe3 Bh5 22. Ng5 Qe7 23. Nxh7 Rf7 24. Ng5 Rf6 25. Qe4 Rf5 26. Nxe6 Bg6 27. Qg4 Qf6 28. Bxf5 Bxf5 29. Qh5+ 1-0

[Event "Titled Tuesday intern op 21st Jun Early"]
[Site "Chess.com INT"]
[Date "2022.06.21"]
[Round "2"]
[White "Li, Zhuoling"]
[Black "Toncheva, Nadya"]
[Result "0-1"]
[WhiteElo "2175"]
[BlackElo "2228"]
[PlyCount "74"]
[EventDate "2022.06.21"]
[EventType "swiss (blitz)"]
[EventRounds "11"]
[EventCountry "USA"]
[SourceTitle "EXT 2023"]
[Source "ChessBase"]
[SourceDate "2022.10.05"]
[SourceVersion "1"]
[SourceVersionDate "2022.10.05"]
[SourceQuality "1"]

1. e4 c5 2. Nf3 d6 3. d4 cxd4 4. Nxd4 Nf6 5. Nc3 Nc6 6. Bg5 e6 7. Qd2 a6 8. 0-0-0 Bd7 9. f3 b5 10. Kb1 Qc7 11. Be3 Rc8 12. g4 h6 13. h4 Ne5 14. Bd3 b4 15. Nce2 Nc4 16. Bxc4 Qxc4 17. g5 Nh5 18. b3 Qc7 19. f4 a5 20. f5 e5 21. Nf3 Bc6 22. Qd3 Qb7 23. Nd2 Bb5 24. Nc4 Qa6 25. Rhg1 Rxc4 26. bxc4 Bxc4 27. Qd2 Bxe2 28. Rde1 Bc4 29. gxh6 gxh6 30. Qd1 Nf6 31. Qf3 Qc6 32. Bc1 Qa4 33. a3 Be7 34. Bb2 Kd7 35. axb4 Rb8 36. Qa3 Qc6 37. Qxa5 Nxe4 0-1

[Event "Titled Tuesday intern op 21st Jun Early"]
[Site "Chess.com INT"]
[Date "2022.06.21"]
[Round "5"]
[White "Li, Zhuoling"]
[Black "Vusatiuk, Vladimir"]
[Result "0-1"]
[WhiteElo "2175"]
[BlackElo "2308"]
[PlyCount "68"]
[EventDate "2022.06.21"]
[EventType "swiss (blitz)"]
[EventRounds "11"]
[EventCountry "USA"]
[SourceTitle "EXT 2023"]
[Source "ChessBase"]
[SourceDate "2022.10.05"]
[SourceVersion "1"]
[SourceVersionDate "2022.10.05"]
[SourceQuality "1"]

1. e4 e6 2. d4 d5 3. e5 c5 4. c3 Nc6 5. Nf3 Nge7 6. Bd3 Nf5 7. Bxf5 exf5 8. 0-0 cxd4 9. cxd4 Be7 10. Nc3 h6 11. Re1 Be6 12. b3 g5 13. Qd3 Qd7 14. Bb2 g4 15. Nd2 f4 16. Nb5 f3 17. a4 fxg2 18. Nd6+ Bxd6 19. exd6 Qxd6 20. Ba3 Qf4 21. Bb2 h5 22. Rad1 h4 23. Qe3 Qd6 24. Qg5 Kd7 25. Nb1 Rag8 26. Qe3 g3 27. hxg3 hxg3 28. f4 Rh2 29. Nc3 Bh3 30. Qxg3 Rxg3 31. Kxh2 Qxf4 32. Nxd5 g1Q+ 33. Rxg1 Rg2+ 34. Kxh3 Qh2# 0-1

[Event "Titled Tuesday intern op 07th Jun Early"]
[Site "Chess.com INT"]
[Date "2022.06.07"]
[Round "9"]
[White "Li, Zhuoling"]
[Black "Lauridsen, Jesper Morch"]
[Result "1-0"]
[WhiteElo "2175"]
[BlackElo "2221"]
[PlyCount "101"]
[EventDate "2022.06.07"]
[EventType "swiss (blitz)"]
[EventRounds "11"]
[EventCountry "USA"]
[SourceTitle "CBM 208 Extra"]
[Source "ChessBase"]
[SourceDate "2022.07.31"]
[SourceVersion "1"]
[SourceVersionDate "2022.07.31"]
[SourceQuality "1"]

1. e4 e6 2. d4 d5 3. e5 c5 4. c3 Nc6 5. Nf3 Qb6 6. Be2 cxd4 7. cxd4 Bd7 8. 0-0 Nge7 9. b3 Nf5 10. Bb2 h5 11. a3 Na5 12. b4 Rc8 13. Nbd2 Nc4 14. Nxc4 dxc4 15. Rc1 Qa6 16. Qd2 b5 17. h3 Bc6 18. Qf4 Be7 19. Rfd1 Bd5 20. Re1 Qb7 21. Rc3 Rg8 22. Qd2 g5 23. g4 hxg4 24. hxg4 Nh4 25. Nxh4 gxh4 26. Qh6 Bg5 27. Qh7 Ke7 28. Bc1 Bxc1 29. Rexc1 Bh1 30. f3 Rxg4+ 31. Kxh1 Rxd4 32. Qg7 Rcd8 33. Qf6+ Kd7 34. Qxf7+ Kc8 35. Qxe6+ Kb8 36. Rg1 Rd3 37. Rxd3 cxd3 38. Bd1 h3 39. Qf6 Rc8 40. Rg7 Qd5 41. Qd6+ Qxd6 42. exd6 Rc1 43. Rg1 d2 44. Kh2 Kc8 45. Kxh3 Kd7 46. Kg3 Kxd6 47. Kf4 Kd5 48. Ke3 Kc4 49. Kxd2 Ra1 50. Be2+ Kb3 51. Rxa1 1-0

[Event "Titled Tuesday intern op 07th Jun Early"]
[Site "Chess.com INT"]
[Date "2022.06.07"]
[Round "6"]
[White "Li, Zhuoling"]
[Black "Tsukerman, Julia"]
[Result "1-0"]
[WhiteElo "2175"]
[BlackElo "1523"]
[PlyCount "53"]
[EventDate "2022.06.07"]
[EventType "swiss (blitz)"]
[EventRounds "11"]
[EventCountry "USA"]
[SourceTitle "CBM 208 Extra"]
[Source "ChessBase"]
[SourceDate "2022.07.31"]
[SourceVersion "1"]
[SourceVersionDate "2022.07.31"]
[SourceQuality "1"]

1. e4 c5 2. Nf3 d6 3. d4 cxd4 4. Nxd4 Nf6 5. Nc3 a6 6. Be2 e5 7. Nb3 Be6 8. f4 exf4 9. Bxf4 Nc6 10. 0-0 d5 11. exd5 Nxd5 12. Nxd5 Bxd5 13. Bf3 Bxf3 14. Qxf3 Be7 15. Rad1 Qc8 16. Bh6 Ne5 17. Qe4 Ng6 18. Bxg7 Rg8 19. Bf6 Qe6 20. Qxb7 Rd8 21. Rde1 Rd7 22. Qa8+ Rd8 23. Qf3 Qxf6 24. Qxf6 Rd7 25. Qxf7+ Kd8 26. Qxg8+ Kc7 27. Qc4+ 1-0

[Event "Titled Tuesday intern op 07th Jun Early"]
[Site "Chess.com INT"]
[Date "2022.06.07"]
[Round "5"]
[White "Winkels, Marcel"]
[Black "Li, Zhuoling"]
[Result "1-0"]
[WhiteElo "1940"]
[BlackElo "2175"]
[PlyCount "125"]
[EventDate "2022.06.07"]
[EventType "swiss (blitz)"]
[EventRounds "11"]
[EventCountry "USA"]
[SourceTitle "CBM 208 Extra"]
[Source "ChessBase"]
[SourceDate "2022.07.31"]
[SourceVersion "1"]
[SourceVersionDate "2022.07.31"]
[SourceQuality "1"]

1. e4 c5 2. Nc3 Nc6 3. Bb5 g6 4. Nf3 Bg7 5. 0-0 e6 6. Bxc6 dxc6 7. d3 e5 8. Be3 b6 9. Qd2 Bg4 10. Ne1 Ne7 11. f4 exf4 12. Bxf4 0-0 13. h3 Be6 14. Bh6 f5 15. Bxg7 Kxg7 16. Nf3 Qd6 17. Ng5 Bg8 18. Rae1 Rae8 19. e5 Qd4+ 20. Kh1 h6 21. Nf3 Qd7 22. Ne2 Nd5 23. c4 Nc7 24. Nf4 Ne6 25. Nxe6+ Rxe6 26. d4 Rd8 27. Rd1 cxd4 28. Qxd4 Qxd4 29. Nxd4 Ree8 30. Nxc6 Rc8 31. Rd7+ Kh8 32. Ne7 Bxc4 33. Nxg6+ Kg8 34. Rf3 Be6 35. Rxa7 Rc1+ 36. Kh2 Bf7 37. Rg3 Bxg6 38. Rxg6+ Kh8 39. Rxh6+ Kg8 40. e6 Re1 41. Rg6+ Kh8 42. Rf7 R1xe6 43. Rxe6 Rxe6 44. Rxf5 Re2 45. Rb5 Re6 46. b3 Kg7 47. a4 Kf6 48. b4 Kg6 49. a5 bxa5 50. bxa5 Re2 51. Rb6+ Kf5 52. a6 Ra2 53. h4 Kg4 54. Rb4+ Kh5 55. Kh3 Rxa6 56. g4+ Kg6 57. Rb3 Ra1 58. h5+ Kh7 59. Kh4 Ra5 60. Rb7+ Kg8 61. h6 Kh8 62. g5 Ra1 63. Kh5 1-0

[Event "Titled Tuesday intern op 31st May Early"]
[Site "Chess.com INT"]
[Date "2022.05.31"]
[Round "5"]
[White "Kuderinov, Kirill"]
[Black "Li, Zhuoling"]
[Result "1-0"]
[WhiteElo "2409"]
[BlackElo "2175"]
[PlyCount "101"]
[EventDate "2022.05.31"]
[EventType "swiss (blitz)"]
[EventRounds "11"]
[EventCountry "USA"]
[SourceTitle "CBM 208 Extra"]
[Source "ChessBase"]
[SourceDate "2022.07.31"]
[SourceVersion "1"]
[SourceVersionDate "2022.07.31"]
[SourceQuality "1"]

1. e4 c5 2. Nf3 Nc6 3. Bc4 e6 4. d4 cxd4 5. Nxd4 Nf6 6. Nxc6 bxc6 7. Bg5 Qa5+ 8. Bd2 Qc7 9. Nc3 Be7 10. 0-0 0-0 11. Qf3 d5 12. Bd3 Bb7 13. Rfe1 Rfe8 14. e5 Nd7 15. Bxh7+ Kxh7 16. Qxf7 Nxe5 17. Qh5+ Kg8 18. Rxe5 Bf6 19. Re2 Qf7 20. Qh3 e5 21. Rae1 Bc8 22. Qf3 e4 23. Qg3 Bf5 24. Bf4 Rad8 25. Na4 Qe7 26. c3 Bh4 27. Qe3 Bf6 28. Qc5 Qxc5 29. Nxc5 Be7 30. Be3 Bd6 31. h3 Re7 32. Bd4 Bxc5 33. Bxc5 Red7 34. Rd2 Be6 35. Rd4 Bf7 36. Ra4 Ra8 37. f3 a6 38. fxe4 dxe4 39. Rexe4 Bd5 40. Re7 Rxe7 41. Bxe7 Kf7 42. Bc5 Ke6 43. Rg4 Kf7 44. Bd4 g6 45. b3 Re8 46. Rf4+ Kg8 47. c4 Be4 48. Rf6 Kh7 49. Rf7+ Kh6 50. Be3+ g5 51. Rf6+ 1-0

[Event "Titled Tuesday intern op 31st May Early"]
[Site "Chess.com INT"]
[Date "2022.05.31"]
[Round "2"]
[White "Sismeiro, Miguel"]
[Black "Li, Zhuoling"]
[Result "1/2-1/2"]
[WhiteElo "2148"]
[BlackElo "2175"]
[PlyCount "96"]
[EventDate "2022.05.31"]
[EventType "swiss (blitz)"]
[EventRounds "11"]
[EventCountry "USA"]
[SourceTitle "CBM 208 Extra"]
[Source "ChessBase"]
[SourceDate "2022.07.31"]
[SourceVersion "1"]
[SourceVersionDate "2022.07.31"]
[SourceQuality "1"]

1. d4 Nf6 2. Nf3 g6 3. Nc3 d5 4. Bf4 Bg7 5. e3 c5 6. dxc5 0-0 7. Be2 Qa5 8. 0-0 Qxc5 9. Nb5 Na6 10. c3 Bg4 11. a4 Rfd8 12. h3 Bxf3 13. Bxf3 Rac8 14. Be5 Ne8 15. Bd4 Bxd4 16. Qxd4 Qxd4 17. exd4 e6 18. Nxa7 Ra8 19. Nb5 Nd6 20. Be2 Nxb5 21. Bxb5 Nc7 22. Bd3 Kf8 23. a5 Ra7 24. Ra3 Rda8 25. b4 Rc8 26. Rfa1 Ne8 27. Kf1 Nd6 28. Ke2 Ke7 29. Kd2 Kd7 30. b5 Nc4+ 31. Bxc4 Rxc4 32. Ra4 Rc8 33. a6 bxa6 34. Rxa6 Rb7 35. Rb1 Rcb8 36. Ra5 Kc7 37. Ke3 Rb6 38. Ra7+ R8b7 39. Rxb7+ Kxb7 40. Kd3 Kc7 41. c4 dxc4+ 42. Kxc4 Rb8 43. Kc5 Kb7 44. Kd6 Kb6 45. Ke7 Rb7+ 46. Kd6 Rb8 47. Kd7 Rb7+ 48. Kd6 Rb8 1/2-1/2

[Event "Titled Tuesday intern op 24th May Early"]
[Site "Chess.com INT"]
[Date "2022.05.24"]
[Round "1"]
[White "Gallego Alcaraz, Andres Felipe"]
[Black "Li, Zhuoling"]
[Result "1-0"]
[WhiteElo "2499"]
[BlackElo "2175"]
[PlyCount "63"]
[EventDate "2022.05.24"]
[EventType "swiss (blitz)"]
[EventRounds "11"]
[EventCountry "USA"]
[SourceTitle "EXT 2023"]
[Source "ChessBase"]
[SourceDate "2022.10.05"]
[SourceVersion "1"]
[SourceVersionDate "2022.10.05"]
[SourceQuality "1"]

1. d4 Nf6 2. c4 g6 3. Nf3 d5 4. cxd5 Nxd5 5. e4 Nb6 6. h3 Bg7 7. Nc3 0-0 8. Be2 c5 9. d5 e6 10. 0-0 exd5 11. exd5 Bf5 12. Bg5 Qd7 13. Qd2 Qc8 14. Rac1 Na6 15. Bxa6 bxa6 16. Bh6 Qb7 17. Bxg7 Kxg7 18. Rfd1 Rfd8 19. b3 Rac8 20. Ne5 Rd6 21. Nc4 Nxc4 22. bxc4 Re8 23. Re1 Rdd8 24. g4 Bd7 25. Ne4 Qb4 26. Qxb4 cxb4 27. c5 f5 28. Nd6 Rxe1+ 29. Rxe1 Kf6 30. g5+ Kxg5 31. Nf7+ Kf4 32. Nxd8 1-0

[Event "Titled Tuesday intern op 24th May Early"]
[Site "Chess.com INT"]
[Date "2022.05.24"]
[Round "9"]
[White "Li, Zhuoling"]
[Black "Shtyka, Sergey"]
[Result "0-1"]
[WhiteElo "2175"]
[BlackElo "2154"]
[PlyCount "78"]
[EventDate "2022.05.24"]
[EventType "swiss (blitz)"]
[EventRounds "11"]
[EventCountry "USA"]
[SourceTitle "EXT 2023"]
[Source "ChessBase"]
[SourceDate "2022.10.05"]
[SourceVersion "1"]
[SourceVersionDate "2022.10.05"]
[SourceQuality "1"]

1. e4 c5 2. Nf3 Nc6 3. Bb5 g6 4. 0-0 Bg7 5. Bxc6 dxc6 6. h3 e5 7. d3 Ne7 8. Be3 b6 9. a4 0-0 10. Nbd2 Be6 11. a5 Qc7 12. b3 h6 13. Qe2 f5 14. Nc4 f4 15. Bd2 g5 16. Nh2 b5 17. Nb2 Ng6 18. f3 h5 19. b4 cxb4 20. Bxb4 c5 21. Bd2 c4 22. dxc4 bxc4 23. Bc3 Rfd8 24. Rfd1 Bf8 25. Ra4 Rxd1+ 26. Qxd1 Rc8 27. Qe2 a6 28. Nf1 g4 29. hxg4 hxg4 30. fxg4 Bc5+ 31. Kh1 Qh7+ 32. Nh2 Kf7 33. Qf3 Rh8 34. Qh3 Qg7 35. Qf3 Qh6 36. Qh3 Qg5 37. Qf3 Bxg4 38. Qf1 Rxh2+ 39. Kxh2 Qh4# 0-1

[Event "Titled Tuesday intern op 24th May Early"]
[Site "Chess.com INT"]
[Date "2022.05.24"]
[Round "6"]
[White "Li, Zhuoling"]
[Black "Toncheva, Nadya"]
[Result "1-0"]
[WhiteElo "2175"]
[BlackElo "2228"]
[PlyCount "109"]
[EventDate "2022.05.24"]
[EventType "swiss (blitz)"]
[EventRounds "11"]
[EventCountry "USA"]
[SourceTitle "EXT 2023"]
[Source "ChessBase"]
[SourceDate "2022.10.05"]
[SourceVersion "1"]
[SourceVersionDate "2022.10.05"]
[SourceQuality "1"]

1. e4 c5 2. Nf3 Nc6 3. Bb5 e6 4. 0-0 Nge7 5. Re1 a6 6. Bf1 d5 7. exd5 Nxd5 8. d4 Nf6 9. Be3 cxd4 10. Nxd4 Nxd4 11. Bxd4 Be7 12. Nc3 0-0 13. Qd2 b5 14. Rad1 Bb7 15. a3 Rc8 16. Qg5 Qc7 17. Be5 Qc6 18. Ne4 h6 19. Qg3 Nh5 20. Qg4 f5 21. Qxh5 fxe4 22. Qg4 Rf7 23. c3 Rcf8 24. Rd2 Bc5 25. Bd4 e5 26. Bxc5 Qxc5 27. Qg3 Bc6 28. Qe3 Qe7 29. h3 Qh4 30. c4 Rf3 31. gxf3 Rxf3 32. Qb6 Qg5+ 33. Kh1 Qxd2 34. Qb8+ Kh7 35. Re2 Qf4 36. Qc8 Rxf2 37. Rxf2 Qxf2 38. Bg2 Be8 39. Qxe8 e3 40. Qxe5 Qe1+ 41. Kh2 g6 42. Qe7+ Kh8 43. Qf8+ Kh7 44. Qf7+ Kh8 45. Qxg6 Qf2 46. Qxh6+ Kg8 47. Qg6+ Kf8 48. Qd6+ Kg7 49. Qg3+ Kf8 50. Qxf2+ exf2 51. Bf1 bxc4 52. Bxc4 Ke7 53. Kg3 Kd6 54. Kxf2 Kc5 55. Bd3 1-0

[Event "Titled Tuesday intern op 24th May Early"]
[Site "Chess.com INT"]
[Date "2022.05.24"]
[Round "7"]
[White "Li, Zhuoling"]
[Black "Vo, Thi Kim Phung"]
[Result "1-0"]
[WhiteElo "2175"]
[BlackElo "2340"]
[PlyCount "79"]
[EventDate "2022.05.24"]
[EventType "swiss (blitz)"]
[EventRounds "11"]
[EventCountry "USA"]
[SourceTitle "EXT 2023"]
[Source "ChessBase"]
[SourceDate "2022.10.05"]
[SourceVersion "1"]
[SourceVersionDate "2022.10.05"]
[SourceQuality "1"]

1. e4 e6 2. d4 d5 3. e5 c5 4. c3 Nc6 5. Nf3 Bd7 6. Be2 Nge7 7. 0-0 Qb6 8. b3 cxd4 9. cxd4 Nf5 10. Bb2 Rc8 11. g4 Nfe7 12. Nc3 Na5 13. Rc1 h5 14. h3 hxg4 15. hxg4 Ng6 16. Qd2 Bb4 17. Kg2 Nc6 18. Rh1 Rxh1 19. Rxh1 Qa5 20. a3 Bxc3 21. Bxc3 Qxa3 22. Bd3 Nce7 23. Bb4 Qxb3 24. Bxe7 Kxe7 25. Qg5+ Kf8 26. Bxg6 fxg6 27. Qxg6 Be8 28. Rh8+ Ke7 29. Qxg7+ Kd8 30. Qf6+ Kc7 31. Qe7+ Kb6 32. Rxe8 Rc6 33. g5 Qd3 34. Qf6 Qe4 35. Kg3 a5 36. g6 a4 37. g7 a3 38. g8Q a2 39. Rxe6 a1Q 40. Rxc6+ 1-0

[Event "BL2 Sued 1920 (Women)"]
[Site "Germany"]
[Date "2020.02.16"]
[Round "7.1"]
[White "Li, Zhuoling"]
[Black "Wagner, Victoria"]
[Result "1-0"]
[WhiteElo "2158"]
[BlackElo "1797"]
[PlyCount "69"]
[EventDate "2019.09.14"]
[EventType "team-tourn"]
[EventRounds "7"]
[EventCountry "GER"]
[SourceTitle "EXT 2021"]
[Source "ChessBase"]
[SourceDate "2020.10.23"]
[SourceVersion "1"]
[SourceVersionDate "2020.10.23"]
[SourceQuality "1"]
[WhiteTeam "Stuttgart Wolfbusch (W)"]
[BlackTeam "Zeulenroda Rochade (W)"]
[WhiteTeamCountry "GER"]
[BlackTeamCountry "GER"]

1. e4 c5 2. Nf3 d6 3. d4 cxd4 4. Nxd4 Nf6 5. Nc3 a6 6. Be2 e5 7. Nb3 Be7 8. Be3 0-0 9. g4 Nbd7 10. g5 Ne8 11. Rg1 Nc7 12. Qd2 Rb8 13. 0-0-0 b6 14. h4 Nc5 15. h5 g6 16. f4 exf4 17. Bxf4 N7e6 18. Bxd6 Bxd6 19. Qxd6 Qxd6 20. Rxd6 Nxb3+ 21. axb3 Nf4 22. Bd1 b5 23. hxg6 fxg6 24. b4 Ra8 25. Bg4 Bxg4 26. Rxg4 Nh3 27. Nd5 Rf1+ 28. Kd2 Raf8 29. Nf6+ Kg7 30. e5 Rf2+ 31. Kd3 Rf1 32. Rd7+ Rf7 33. e6 Rd1+ 34. Ke2 Rfxd7 35. exd7 1-0

[Event "Ferreira do Alentejo 2nd"]
[Site "Ferreira do Alentejo"]
[Date "2019.12.20"]
[Round "7"]
[White "Li, Zhuoling"]
[Black "Schmitz, Andreas Arnold"]
[Result "1/2-1/2"]
[WhiteElo "2158"]
[BlackElo "2013"]
[PlyCount "82"]
[EventDate "2019.12.17"]
[EventType "swiss"]
[EventRounds "9"]
[EventCountry "POR"]
[SourceTitle "CBM 193 Extra"]
[Source "ChessBase"]
[SourceDate "2020.01.31"]
[SourceVersion "1"]
[SourceVersionDate "2020.01.31"]
[SourceQuality "1"]

1. e4 e6 2. d4 d5 3. Nd2 Nc6 4. Ngf3 e5 5. exd5 Nxd4 6. Nxd4 exd4 7. Bb5+ Bd7 8. Qe2+ Qe7 9. 0-0 0-0-0 10. Nf3 Qxe2 11. Bxe2 Nf6 12. Nxd4 Nxd5 13. Bc4 Bg4 14. c3 c5 15. Nc2 Be6 16. Bg5 f6 17. Bh4 Bf5 18. Bxd5 Bxc2 19. c4 Bd6 20. Bg3 Bxg3 21. hxg3 Rhe8 22. Rfe1 Bg6 23. f3 Rxe1+ 24. Rxe1 Re8 25. Rxe8+ Bxe8 26. Kf2 Kc7 27. Ke3 b6 28. f4 Kd6 29. Be4 h6 30. a3 Bf7 31. Kd3 g5 32. Bf5 Be8 33. Ke3 Bc6 34. Be4 Bd7 35. Bd3 Be6 36. Be2 f5 37. Kd3 Bd7 38. Ke3 g4 39. Bd3 Ke6 40. Bc2 Bc6 41. Kf2 Bb7 1/2-1/2

[Event "GER-chT Federal Cup (Women)"]
[Site "Braunfels"]
[Date "2019.06.22"]
[Round "4.1"]
[White "Li, Zhuoling"]
[Black "Hess, Olena"]
[Result "1/2-1/2"]
[WhiteElo "2140"]
[BlackElo "2097"]
[PlyCount "81"]
[EventDate "2019.06.20"]
[EventType "team-swiss"]
[EventRounds "5"]
[EventCountry "GER"]
[SourceTitle "CBM 191 Extra"]
[Source "ChessBase"]
[SourceDate "2019.09.30"]
[SourceVersion "1"]
[SourceVersionDate "2019.09.30"]
[SourceQuality "1"]

1. e4 d6 2. d4 Nf6 3. Nc3 e5 4. Nf3 Nbd7 5. Bc4 Be7 6. 0-0 0-0 7. a4 c6 8. Re1 Qc7 9. h3 b6 10. d5 Bb7 11. b3 cxd5 12. exd5 Nc5 13. Ba3 Kh8 14. Qe2 Rae8 15. Bc1 Bc8 16. b4 Ncd7 17. Bd2 Bb7 18. a5 bxa5 19. Rxa5 Nb6 20. Bb3 a6 21. Rea1 Rc8 22. b5 axb5 23. Nxb5 Qd8 24. c4 Nfd7 25. Be3 Nc5 26. Bc2 Nbd7 27. Nd2 f5 28. f3 Ra8 29. Rxa8 Bxa8 30. Nb3 Nxb3 31. Bxb3 Bb7 32. Bc2 g6 33. Qd2 Nf6 34. Qf2 Qd7 35. Nc3 Ra8 36. Rxa8+ Bxa8 37. Ba4 Qc8 38. Qa2 Bb7 39. Qb3 Kg7 40. Qb4 h6 41. Nb5 1/2-1/2

[Event "GER-chT Federal Cup (Women)"]
[Site "Braunfels"]
[Date "2019.06.21"]
[Round "2.1"]
[White "Li, Zhuoling"]
[Black "Schmidt, Jessica"]
[Result "1/2-1/2"]
[WhiteElo "2140"]
[BlackElo "2240"]
[PlyCount "52"]
[EventDate "2019.06.20"]
[EventType "team-swiss"]
[EventRounds "5"]
[EventCountry "GER"]
[SourceTitle "CBM 191 Extra"]
[Source "ChessBase"]
[SourceDate "2019.09.30"]
[SourceVersion "1"]
[SourceVersionDate "2019.09.30"]
[SourceQuality "1"]

1. e4 d5 2. exd5 Qxd5 3. Nc3 Qd8 4. Bc4 Nf6 5. d4 Bg4 6. f3 Bc8 7. Be3 e6 8. a3 a6 9. Nge2 b5 10. Bb3 Bb7 11. 0-0 Bd6 12. Qe1 0-0 13. Rd1 Nbd7 14. Bf4 Nb6 15. Be5 Nfd5 16. Bxd5 Nxd5 17. Nxd5 Bxd5 18. Qg3 Bxe5 19. dxe5 Qe7 20. Nf4 Qc5+ 21. Qf2 Qxf2+ 22. Rxf2 c6 23. Rfd2 a5 24. b3 f6 25. Nd3 a4 26. b4 f5 1/2-1/2